000 00589 a2200181 4500
999 _c5906
_d5906
020 _a9780340859551
050 _aQA76.76 BRI2003
100 _aBride, Mac
_eauthor
245 _aHTML :
_b publishing on the World Wide Web /
_cMac Bride.
264 _aLondon :
_bHodder Headline,
_c 2003.
300 _aix, 211 pages : illustrations ; 20 cm.
440 _aTeach yourself
500 _aPrevious edition: London : Hodder & Stoughton, 1998.
650 _aHTML (Document markup language)
650 _aWeb site development.
650 _aWeb publishing.
942 _2lcc
_cBK
_h76.76
_iBRI
_kQA